00807nam a22001937a 4500003000400000008004100004020001800045082001700063100001900080245003300099250001300132260003100145300001100176650001200187942001200199999001700211952018700228952019800415OSt240816b |||||||| |||| 00| 0 eng d a9789380005874 a150.1952 FRI aFREUD, Sigmund aThe Interpretation of Dreams a1st. ed. aNoida,bMaple Pressc2023, a578 p. aEnglish 2ddccBK c12823d12823 00102ddc40708BAHONSENGaPIETNCRbPIETNCRd2024-08-12eZafaa Books & DistributersfIn Rupeesg395.00kZBD0135l0o150.1952 FRIpN3733r2024-08-16 00:00:00v296.25w2024-08-12yREF 00102ddc40708BAHONSENGaPIETNCRbPIETNCRd2024-08-12eZafaa Books & DistributersfIn Rupeesg395.00kZBD0135l1o150.1952 FRIpN3734r2024-11-18 00:00:00s2024-09-17v296.25w2024-08-12yBK